Digitálny podnik nové metódy a technológie vo vašich službách

Podrobná bibliografia
Hlavní autori: Štefánik, Andrej, 1976- (Autor), Gregor, Milan, 1955- (Autor)
Médium: Článok
Jazyk:slovenčina
ISSN:1335-5961
Predmet:

MARC

LEADER 00000nab a2200000 a 4500
001 vtls009333414
003 SK-MaSNL
005 20260304150930.0
008 250506c2008 xo br|p|||||||000 b|slo
015 |a SNBRB2008/09  |2 snkbucl 
035 |a (uuid)1013f57a-f3a7-4365-8504-73ee3944a485 
035 |a urn:nbn:sk:snk-abad5s 
035 |a (urnnbn)urn:nbn:sk:snk:ar-a0akpt 
038 |a SNKBUCL 
040 |a SNKBUCL  |b slo  |c SNKBUCL  |e AACR2 
041 0 |a slo  |b eng 
044 |a xo  |c SK 
080 |a 658.11:004.94  |2 2001 
080 |a 004.93  |2 2001 
080 |a 004.92  |2 2001 
080 |a 004.94  |2 2001 
100 1 |a Štefánik, Andrej,  |d 1976-  |4 aut  |9 52856 
245 1 0 |a Digitálny podnik  |b nové metódy a technológie vo vašich službách  |c Andrej Štefánik, Milan Gregor 
546 |a Res. angl. 
650 0 7 |a digitálne podniky  |2 snkbucl  |9 82125 
700 1 |a Gregor, Milan,  |d 1955-  |4 aut  |9 108272 
773 0 |t Produktivita a inovácie  |g Roč. 9, č. 2 (2008), s. 5  |x 1335-5961 
850 |a Slovenská národná knižnica 
852 |a Slovenská národná knižnica 
954 |a odborná, vedecká literatúra pôvodná (slovenská)  |2 lita 
958 |a article14 
958 |a OND 
958 |a EUIPO 
999 |c 2940492  |d 2942422